| 000 | 00500nam a22001937a 4500 | ||
|---|---|---|---|
| 003 | OSt | ||
| 005 | 20180116183000.0 | ||
| 008 | 141002b xxu||||| |||| 00| 0 eng d | ||
| 020 | _a0 | ||
| 040 |
_a0 _c0 |
||
| 082 | _a155.283 McC 2010 | ||
| 100 | _aRobert R. Mc Crae, | ||
| 245 |
_aNEO TM Inventories _bFor the Professional Manual _cRobert R. Mc Crae, |
||
| 260 |
_aNil _bPAR _c2010 |
||
| 300 |
_a145p. _bHB |
||
| 440 | _aNEO TM Inventories | ||
| 600 | _aRobert R. Mc Crae, | ||
| 942 |
_2ddc _cBK |
||
| 999 |
_c349797 _d349797 |
||